| 000 -LEADER |
| fixed length control field |
01446cam a2200265 a 4500 |
| 001 - CONTROL NUMBER |
| control field |
16685270 |
| 005 - DATE AND TIME OF LATEST TRANSACTION |
| control field |
20210615143321.0 |
| 008 - FIXED-LENGTH DATA ELEMENTS--GENERAL INFORMATION |
| fixed length control field |
110309s2009 txua bf 000 0 eng d |
| 020 ## - INTERNATIONAL STANDARD BOOK NUMBER |
| International Standard Book Number |
9781932565577 |
| 080 ## - UNIVERSAL DECIMAL CLASSIFICATION NUMBER |
| Universal Decimal Classification number |
376.3 W-14 |
| 100 1# - MAIN ENTRY--PERSONAL NAME |
| Personal name |
Wagner, Sheila. |
| 9 (RLIN) |
12055 |
| 245 10 - TITLE STATEMENT |
| Title |
Inclusive programming : |
| Remainder of title |
for high school students with autism or Asperger's syndrome / |
| Statement of responsibility, etc. |
Sheila Wagner. |
| 264 ## - PRODUCTION, PUBLICATION, DISTRIBUTION, MANUFACTURE, AND COPYRIGHT NOTICE |
| Place of production, publication, distribution, manufacture |
Arlington, TX : |
| Name of producer, publisher, distributor, manufacturer |
Future Horizons, Inc., |
| Date of production, publication, distribution, manufacture, or copyright notice |
2009. |
| 300 ## - PHYSICAL DESCRIPTION |
| Extent |
392 p. : |
| Other physical details |
ill. ; |
| Dimensions |
28 cm. |
| 653 ## - INDEX TERM--UNCONTROLLED |
| keyword |
ინკლუზიური პროგრამირება |
| 653 ## - INDEX TERM--UNCONTROLLED |
| keyword |
Инклюзивное программирование |
| 653 ## - INDEX TERM--UNCONTROLLED |
| keyword |
ასპერგერის სინდრომი მოზარდობაში |
| 653 ## - INDEX TERM--UNCONTROLLED |
| keyword |
Синдром Аспергера в подростковом возрасте |
| 653 ## - INDEX TERM--UNCONTROLLED |
| keyword |
აუტიზმის სპექტრის დარღვევების მქონე ახალგაზრდები |
| 653 ## - INDEX TERM--UNCONTROLLED |
| keyword |
Молодежь с расстройствами аутистического спектра |
| 856 42 - ELECTRONIC LOCATION AND ACCESS |
| Materials specified |
Contributor biographical information |
| Uniform Resource Identifier |
http://www.loc.gov/catdir/enhancements/fy1205/2011280869-b.html |
| 856 42 - ELECTRONIC LOCATION AND ACCESS |
| Materials specified |
Publisher description |
| Uniform Resource Identifier |
http://www.loc.gov/catdir/enhancements/fy1205/2011280869-d.html |
| 856 41 - ELECTRONIC LOCATION AND ACCESS |
| Materials specified |
Table of contents only |
| Uniform Resource Identifier |
http://www.loc.gov/catdir/enhancements/fy1205/2011280869-t.html |
| 942 ## - ADDED ENTRY ELEMENTS (KOHA) |
| Source of classification or shelving scheme |
|
| Koha item type |
წიგნი |